Farmer Refuted - All Lyrics - Statistics

General Stats
  • This quiz has been taken 33 times
  • The average score is 229 of 287
Answer Stats
Answer % Correct
He
100%
I
100%
The
100%
Who
100%
A
96%
And
96%
Have
96%
Hear
96%
In
96%
Is
96%
Me
96%
My
96%
N
96%
n
96%
Not
96%
Revolution
96%
Speak
96%
They
96%
This
96%
Ye
96%
Yo
96%
You
96%
Are
91%
At
91%
Congress
91%
Does
91%
Dog
91%
For
91%
Heart
91%
Heed
91%
King
91%
More
91%
Scream
91%
Sea
91%
Your
91%
Chaos
87%
His
87%
Mercy
87%
Name
87%
Pray
87%
Samuel
87%
Shame
87%
Shows
87%
Solution
87%
Speaks
87%
Tear
87%
Them
87%
Astray
83%
Be
83%
Bloodshed
83%
Don't
83%
Eloquently
83%
Lead
83%
Let
83%
Of
83%
Then
83%
With
83%
Apart
78%
Dangerous
78%
Game
78%
God
78%
Him
78%
Interests
78%
Playing
78%
Seabury
78%
Continental
74%
Dude
74%
Jersey
74%
On
74%
Same
74%
Thee
74%
They're
74%
Oh
70%
Tea
70%
Than
70%
To
70%
From
65%
I'm
65%
Key
65%
Mange
65%
Message
65%
Modulate
65%
Present
65%
Why
65%
About
61%
Across
61%
Debate
61%
Gonna
61%
Honestly
61%
Island
61%
Price
61%
Rabble
61%
Thoughts
61%
Comin'
57%
Face
57%
Look
57%
Please
57%
Silence
57%
Tiny
57%
Already
52%
But
52%
Free
52%
I'd
52%
It's
52%
Listen
52%
Proceedings
52%
Regulate
52%
Straight
52%
Strangely
52%
What
52%
Alexander
48%
All
48%
Boston
48%
Haunt
48%
If
48%
Repeat
48%
Talk
48%
Thaat
48%
Again
43%
Burr
43%
Cost
43%
Drop
43%
Hard
43%
Rather
43%
Read
43%
Sound
43%
Us
43%
Yourself
43%
Indecisive
39%
Lost
39%
Niceties
39%
Win
39%
Screams
35%
Unravel
35%
We've
35%
Even
30%
Divisive
26%
He'd
26%
Shouldn't
26%
Have-nots
22%
No matching quizzes found
Score Distribution
Percent of People with Each Score
Percentile by Number Answered
Your Score History
You have not taken this quiz